000 02050cam a22004934i 4500
003 PE-LiUPU
005 20250731173429.0
008 150706s r 000 0 d
020 _a9780829760576
035 _a(Sirsi) i9780829760576
040 _aPE-LiUPU
_bspa
_cPE-LiUPU
_erda
049 _aPRUA
082 0 4 _a278.3083092
_bH38
_221
100 1 _aHernríguez, José,
_eautor.
245 1 0 _aMilagro en la mina :
_buna historia de fortaleza, supervivencia y victoria en las minas de Chile /
_cJosé Henríquez.
264 1 _aMiami, Florida :
_bVida,
_c2011.
300 _a141 páginas :
_bilustraciones ;
_c22 cm.
336 _atext
_2rdacontent
337 _aunmediated
_2rdamedia
338 _avolume
_2rdacarrier
505 0 _aEl milagro que ven millones -- Entrenamiento para la mina San José -- Bajo la protección de Dios -- El cerro avisa -- En el refugio -- La Salvación se acerca -- ¡Gracias, Señor! -- De regreso al mundo -- Testigo ocular del poder de Dios -- ¿Acaso de Talca puede salir algo bueno? -- Contento y preparado para lo que el LSeñor ordene.
526 _aSEG42
526 _aSEG41
526 _aSEG40
526 _aSEG39
526 _aP94
526 _aP87
526 _aP86
526 _aP85
526 _aP77
526 _aP76
526 _aP35
541 _g001-0000624;
600 1 _aHenríquez, José.
_d1956-
610 2 _aMina San Jose
_xAccidentes
_zChile, 2010.
650 0 4 _aBiografía cristiana
_zChile.
650 0 4 _aMineros
_zChile
_vBiografía.
910 _clch
_d20130512
942 _2ddc
_cBOOK
949 _a278.3083092 H38
_wDEWEY
_c1
_i67044
_lCCODEBUL1
_mBUL
_p13.00
_r0
_sY
_tBOOK
_u2015-7-6
_xTEOLOGIA
_PP35
_o.STAFF. Colección General
994 _aC0
_bPEPRU
596 _a1
999 _a278.3083092 H38
_wDEWEY
_c54751
_i67044
_f2021-11-11
_g5
_lCCODEBUL1
_mBUL
_p13.00
_r0
_sY
_tBOOK
_u2015-7-6
_xTEOLOGIA
_PP35
_0COMPRA
_o.STAFF. Colección General
_d54751
980 _81
_gALBERTO SANCHEZ Responsable de Automatización